|
|
|
|
| LEADER |
00000cam a2200000 7i4500 |
| 001 |
0000000616 |
| 005 |
20000913.0 |
| 020 |
0 |
0 |
|a 9678905019
|
| 090 |
0 |
0 |
|a 343.59507
|b MAL 1992
|
| 110 |
1 |
0 |
|a MALAYSIA
|
| 245 |
1 |
0 |
|a Industrial Co-Ordination Act, 1975 (Act 156) & Rules :
|b (as at 5th August 1992)
|c compiled by Legal Research Board
|
| 260 |
0 |
0 |
|a Kuala Lumpur :
|b International Law Book services ,
|c 1992
|
| 300 |
|
|
|a ii, 17 p. ;
|c 24 cm.
|
| 440 |
0 |
0 |
|a Laws of Malaysia
|
| 650 |
0 |
0 |
|a Industrial laws and legislation
|z Malaysia
|
| 999 |
|
|
|a 0000000384
|b Monograph
|c Open Shelf
|e Default branch
|